000 00342 a2200157 4500
001 179000
020 _a
040 _cMagnum
100 _aZiraldo
240 1 0 _aComo ir ao mundo da lua
_lpor
245 1 0 _aComo ir ao mundo da lua
362 0 _a1899
440 1 _aMelhoramentos
697 _aMAGNITO: I/AVENTURA, CRIANCAS
942 _cBK
999 _c179000
_d179000